000 00480nam a22001817a 4500
999 _c3942
_d3942
003 GBCCL
005 20241126110507.0
008 171218b xxu||||| |||| 00| 0 eng d
020 _a08474122113
040 _cgbc
082 _a266
_bWEI
100 _aWeiss, G. Christian
_92026
245 _aOutlines for Missionary Messages /
_cG. Christian Messages
260 _aNebraska:
_bBack to the Bible,
_c1977
300 _a128 p.;
_c16 cm.
650 _aMissions
_9885
942 _2ddc
_cBK